000 00345nam a2200133Ia 4500
005 20251222141933.0
008 251222s9999||||xx |||||||||||||| ||spa||
020 _a84-7658-684-1
082 _a370.19/M26
100 _aMartínez Boom, Alberto
245 0 _aDe La Escuela Expansiva a La Escuela Competitiva:
264 _bArthropos
942 _cLIB
999 _c9093
_d9093